00489nam a2200181 a 4500020001800000041000800018082001700026100001100043245002400054260003600078300000900114500003500123650001700158700001100175942000700186952009700193999001700290 a9788179929742 aENG00a299.93bOSH2 aOsho,  aThe Hidden Splendor aDelhi bJaico Pub. House c2009 a578p aincludes index and biblioraphy aSpirituality1 aOsho,  cBK 00104070aHMIbHMId2009-10-23g375.00l0o299.93 OSH2p022925r2009-10-23w2026-01-16yBK c16944d16944